50 câu hỏi đáp phòng trị bênh giòn xương

Salvato in:
Dettagli Bibliografici
Autore principale: MÃ TẠI TÙNG
Natura: Libro
Lingua:Undetermined
Pubblicazione: Y học 2002
Tags: Aggiungi Tag
Nessun Tag, puoi essere il primo ad aggiungerne! !
Thư viện lưu trữ: Trung tâm Học liệu Trường Đại học Cần Thơ
LEADER 00453nam a2200145Ia 4500
001 CTU_48638
008 210402s9999 xx 000 0 und d
082 |a 616.71 
082 |b T513 
100 |a MÃ TẠI TÙNG 
245 0 |a 50 câu hỏi đáp phòng trị bênh giòn xương 
245 0 |c MÃ TẠI TÙNG; Dịch giả: Nguyễn Kim Dân 
260 |b Y học 
260 |c 2002 
980 |a Trung tâm Học liệu Trường Đại học Cần Thơ